Quiz sulla storia del Cile - Statistics

Statistiche generali
  • Questo quiz è stato fatto 19 volte
  • Il punteggio medio è 11 su 14
Statistiche sulle risposte
DOMANDA RISPOSTA % Corretto
Nel 1541 Pedro de Valdivia fondò l'odierna capitale Santiago
100%
Stato che colonizzò il Cile Spagna
100%
Popolo precolombiano che governava nel nord del paese dopo dal XV secolo Inca
94%
Nel 1520 fu il primo esploratore europeo a visitare il Cile tentando di circumnavigare il globo Magellano/Ferdinando Magellano
94%
Isola/festività cristiana che sviluppò una cultura molto avanzata estintasi misteriosamete Pasqua
82%
Numero patrimoni Unesco nel paese 7
76%
Guerra vinta dal Cile contro questo stato vicino Bolivia
76%
Ramo religioso maggiormente praticato nella nazione Cattolicesimo
71%
Dittatore anticomunista che governò il Cile dal 1973 al 1990 Pinochet
71%
L'economia post-indipendenza prosperò anche grazie alla scoperta di giacimenti di questo prezioso metallo Argento
65%
Quest'ultima fu proclamata da Bernardo O'Higgins Riquelme che era originario di quale paese europeo? (deducibile dal cognome) Irlanda
65%
Famoso presidente cileno ucciso durante il colpo di stato nel 1973 Salvador Allende/Allende
59%
Anno d'indipendenza (XIX sec.) 1818
53%
Condottiero a capo dei conquistadores che conquistò la parte nord cilena Francisco Pizarro/Pizarro
53%
Nessun quiz corrispondente trovato
Distribuzione punteggi
Percentuale di utenti per punteggio
Percentile per numero di risposta
I tuoi punteggi nel tempo
Non hai fatto questo quiz